000 00770nam a22002537a 4500
003 UA-OsUOA
001 32284
007 ta
008 20050131b un ||||| |||| 00| 0 ukr d
090 _a141.82
_bО-11
942 _cBK
040 _aUA-OsUOA
_brus
_cUA-OsUOA
_dUA-OsUOA
245 _aО Ленине
_bКнига для учителя. В 3-х книгах
_cРед. А. Т.Кинкулькин
_nДля работы с учащимися начальных классов
300 _a272 с.
_bІлюстрації
955 _a0
041 _arus
080 _a141.82
260 _aМосква
_bПросвещение
_c1987
246 3 1 _aКн. 1
_n
044 _aRU
250 _n2-е изд., испр. и доп.
650 7 _2UDC
999 _c318723
_d318723